| 000 | 00962nam a22002657a 4500 | ||
|---|---|---|---|
| 003 | CBULib | ||
| 005 | 20240813074152.0 | ||
| 008 | 230817b |||||||| |||| 00| 0 eng d | ||
| 040 |
_aCBULib _bEnglish _cCBULib _erda |
||
| 041 | _aeng | ||
| 050 | _aBRE(05)CP/3/74 | ||
| 100 |
_9594 _aFletcher, K E |
||
| 110 |
_aBuilding Research Establishment (BRE) _9590 |
||
| 245 |
_aBuilding research establishment current paper : admixtures for concrete _c/ by Building Research Establishment(BRE) |
||
| 260 |
_aWatford : _bBuilding Research Establishment, _c1973 |
||
| 300 | _a5 pages : illustrations | ||
| 336 |
_2rdacontent _aText | _btxt |
||
| 337 |
_2rdamedia _aUnmediated | _bn |
||
| 338 |
_2rdacarrier _aVolume _bnc |
||
| 500 | _aPublished in : Civil Engineering and Public Works Review, Vol 68 No 806, September 1973, pp 793-794 | ||
| 504 | _aIncludes references | ||
| 650 | 0 |
_9595 _aCONCRETE--ADDITIVES |
|
| 650 | 0 |
_9596 _aCEMENT--ADDITIVES |
|
| 942 |
_2mc _c029 |
||
| 999 |
_c81260 _d81260 |
||